[Event "2 Bundesliga Mitte 2007/2008"]
[Site "Trofaiach"]
[Date "2007.11.10"]
[Round "3"]
[Board "5"]
[White "Mittermayr, Gerhard"]
[Black "Kubinger, Thomas"]
[Result "0-1"]
[WhiteElo "2129"]
[BlackElo "2177"]
[PlyCount "64"]
[EventDate "2007.10.13"]
[EventType "team"]
[EventRounds "11"]
[EventCountry "AUT"]
[WhiteTeam "SC Ansfelden 2"]
[BlackTeam "ESV Austria Graz"]

1.e4 e6 2.d4 d5 3.Nd2 dxe4 4.Nxe4 Bd7 5.Nf3 Bc6 6.Bd3 Nd7 7.Qe2 Ngf6 8.Neg5 Bxf3
9.Nxf3 c6 10.O-O Bd6 11.Ne5 Qc7 12.Re1 O-O 13.Bg5 c5 14.Nxd7 Nxd7 15.Qh5 g6
16.Qh6 Rfc8 17.Re3 Bf8 18.Qh4 Bg7 19.Rh3 Nf8 20.Be7 h6 21.dxc5 g5 22.Bxg5 hxg5
23.Qxg5 Qxc5 24.Qg4 Qd4 25.Qh5 Qxb2 26.Re1 Qd4 27.Re4 Qa1+ 28.Bf1 f5 29.Reh4
Rxc2 30.Qg5 Rc1 31.Rh8+ Kf7 32.Rxf8+ Kxf8

[Event "2 Bundesliga Mitte 2007/2008"]
[Site "Trofaiach"]
[Date "2007.11.10"]
[Round "3"]
[Board "6"]
[White "Loebler, Heimo"]
[Black "Dumancic, Pero"]
[Result "1-0"]
[WhiteElo "2201"]
[BlackElo "2175"]
[PlyCount "39"]
[EventDate "2007.10.13"]
[EventType "team"]
[EventRounds "11"]
[EventCountry "AUT"]
[WhiteTeam "ESV Austria Graz"]
[BlackTeam "SC Ansfelden 2"]

1.d4 d5 2.c4 e6 3.Nc3 Nf6 4.cxd5 exd5 5.Bg5 Nbd7 6.e3 c6 7.Bd3 Bd6 8.Qc2 Qc7
9.Nf3 O-O 10.O-O-O Re8 11.g4 Qa5 12.Kb1 Nf8 13.Bxf6 gxf6 14.Rhg1 h6 15.g5 fxg5
16.Nxg5 hxg5 17.Rxg5+ Ng6 18.Bxg6 Be6 19.Bxf7+ Kf8 20.Bxe6

[Event "2 Bundesliga Mitte 2007/2008"]
[Site "Trofaiach"]
[Date "2007.11.10"]
[Round "3"]
[Board "1"]
[White "Manca, Federico"]
[Black "Tratar, Marko"]
[Result "0-1"]
[WhiteElo "2405"]
[BlackElo "2502"]
[PlyCount "102"]
[EventDate "2007.10.13"]
[EventType "team"]
[EventRounds "11"]
[EventCountry "AUT"]
[WhiteTeam "SK Leoben"]
[BlackTeam "Kl Zeitung MPOe Maria Saal"]

1.e4 e6 2.d4 d5 3.Nc3 dxe4 4.Nxe4 Nd7 5.Nf3 Ngf6 6.Nxf6+ Nxf6 7.Bd3 b6 8.Qe2 Bb7
9.Bg5 Be7 10.O-O-O h6 11.Be3 Qd5 12.Bb5+ Kf8 13.Bc4 Qh5 14.Rhg1 Bd6 15.Ne5 Qxe2
16.Bxe2 Ke7 17.c4 c5 18.f3 Rac8 19.Kb1 Rhd8 20.Rgf1 Bb8 21.f4 cxd4 22.Bxd4 Bxg2
23.Rg1 Be4+ 24.Ka1 g6 25.Bc3 Bd6 26.Rd2 Bc5 27.Rf1 Rxd2 28.Bxd2 Rd8 29.Bc3 a5
30.a3 Bd4 31.Bxd4 Rxd4 32.Rd1 Rxd1+ 33.Bxd1 Nd7 34.b4 axb4 35.axb4 g5 36.Nxd7
Kxd7 37.fxg5 hxg5 38.Kb2 e5 39.Kc3 Kd6 40.Bh5 f6 41.Kd2 Ke6 42.Ke3 Bg2 43.Kf2
Bc6 44.Kg3 f5 45.h4 f4+ 46.Kh3 gxh4 47.Bg4+ Kf6 48.Kxh4 e4 49.Bd1 Ke5 50.Kg4
Bd7+ 51.Kg5 f3

[Event "2 Bundesliga Mitte 2007/2008"]
[Site "Trofaiach"]
[Date "2007.11.10"]
[Round "3"]
[Board "4"]
[White "Reschun, Sascha"]
[Black "Benda, Herbert"]
[Result "1-0"]
[WhiteElo "2272"]
[BlackElo "2274"]
[PlyCount "93"]
[EventDate "2007.10.13"]
[EventType "team"]
[EventRounds "11"]
[EventCountry "AUT"]
[WhiteTeam "Kl Zeitung MPOe Maria Saal"]
[BlackTeam "SK Leoben"]

1.e4 e5 2.Nf3 Nc6 3.d4 exd4 4.Nxd4 Bc5 5.Be3 Qf6 6.c3 Nge7 7.Bc4 Bb6 8.O-O O-O
9.Kh1 Qg6 10.Nd2 Ne5 11.Bb3 Ng4 12.Bf4 d6 13.h3 Ne5 14.Bh2 N7c6 15.Nxc6 bxc6
16.f4 Nd3 17.Qf3 Nc5 18.f5 Qg5 19.Bf4 Qh4 20.Bc2 Ba6 21.Rfe1 Nd7 22.a4 Bf2
23.Red1 Rae8 24.c4 Ne5 25.Bxe5 Rxe5 26.Qc3 Qg3 27.Nf3 Re7 28.Ra3 Rfe8 29.Qa5 Bc8
30.Qd2 Bxf5 31.Nd4 Bg6 32.Rxg3 Bxg3 33.Nxc6 Re6 34.Qg5 Bf2 35.Rf1 h6 36.Qf4 Bc5
37.b4 Rf6 38.Qc1 Be3 39.Qe1 Bd2 40.Qd1 Rxf1+ 41.Qxf1 Bxe4 42.Bxe4 Rxe4 43.Kh2 h5
44.g3 Re3 45.Qf2 Bc1 46.Kg2 Rd3 47.Qxa7

[Event "2 Bundesliga Mitte 2007/2008"]
[Site "Trofaiach"]
[Date "2007.11.10"]
[Round "3"]
[Board "5"]
[White "Schein, Karl Heinz"]
[Black "Halvax, Georg"]
[Result "0-1"]
[WhiteElo "2207"]
[BlackElo "2059"]
[PlyCount "110"]
[EventDate "2007.10.13"]
[EventType "team"]
[EventRounds "11"]
[EventCountry "AUT"]
[WhiteTeam "SK Leoben"]
[BlackTeam "Kl Zeitung MPOe Maria Saal"]

1.e4 c5 2.Nf3 Nc6 3.Bb5 g6 4.O-O Bg7 5.c3 Nf6 6.d4 Nxe4 7.d5 Nd6 8.Bd3 c4 9.Bc2
Ne5 10.Nxe5 Bxe5 11.Bh6 f5 12.Nd2 b5 13.Nf3 Bf6 14.Qe2 Nf7 15.Bf4 O-O 16.Rad1
Bb7 17.Rfe1 Re8 18.Ne5 Nxe5 19.Bxe5 e6 20.d6 Bxe5 21.Qxe5 Qg5 22.Be4 Bxe4
23.Rxe4 Rab8 24.Re3 Rec8 25.Rg3 Qd8 26.Rd4 Rc6 27.h4 Kf7 28.h5 Qf6 29.Qe3 e5
30.Rd2 f4 31.Qxa7 Rxd6 32.hxg6+ hxg6 33.Qxb8 Rxd2 34.Rh3 Rxb2 35.Rh8 Ke6 36.Qe8+
Kd5 37.Qxd7+ Ke4 38.Qh3 f3 39.Qg4+ Kd3 40.Rh3 Rb1+ 41.Kh2 Qf4+ 42.Qxf4 exf4
43.Rxf3+ Ke4 44.Kh3 Kf5 45.g3 g5 46.Kg2 Kg4 47.gxf4 gxf4 48.Rh3 Rg1+ 49.Kxg1
Kxh3 50.a3 f3 51.Kh1 Kg4 52.Kh2 Kf4 53.Kh3 Ke4 54.Kg4 Kd3 55.Kxf3 Kxc3

[Event "2 Bundesliga Mitte 2007/2008"]
[Site "Trofaiach"]
[Date "2007.11.10"]
[Round "3"]
[Board "6"]
[White "Eichert, Wolfgang"]
[Black "Strallhofer, Hermann"]
[Result "1-0"]
[WhiteElo "2147"]
[BlackElo "2129"]
[PlyCount "75"]
[EventDate "2007.10.13"]
[EventType "team"]
[EventRounds "11"]
[EventCountry "AUT"]
[WhiteTeam "Kl Zeitung MPOe Maria Saal"]
[BlackTeam "SK Leoben"]

1.e4 c5 2.c3 d5 3.exd5 Qxd5 4.d4 Nf6 5.Nf3 Nc6 6.Be3 Bg4 7.c4 Qh5 8.d5 O-O-O
9.Nbd2 Nd4 10.Bxd4 cxd4 11.Qa4 Bxf3 12.Nxf3 Kb8 13.Be2 e5 14.Nxd4 Qh4 15.Nf3 Qe4
16.Qa5 Be7 17.Qc3 Nxd5 18.Qxe5+ Qxe5 19.Nxe5 Bb4+ 20.Kf1 Rde8 21.Nd7+ Kc7
22.cxd5 Re7 23.Bg4 h5 24.Bh3 Kd6 25.a3 Bd2 26.g3 Rhe8 27.b4 b6 28.Kg2 Re2 29.Ra2
Bc3 30.Rxe2 Rxe2 31.Rd1 g6 32.Rd3 Bg7 33.Nb8 g5 34.Kf1 Ra2 35.Bg2 g4 36.Nc6 Bb2
37.Nxa7 Bxa3 38.Nb5+

[Event "2 Bundesliga Mitte 2007/2008"]
[Site "Trofaiach"]
[Date "2007.11.10"]
[Round "3"]
[Board "1"]
[White "Sommerbauer, Norbert"]
[Black "Rogic, Davor"]
[Result "1/2-1/2"]
[WhiteElo "2474"]
[BlackElo "2505"]
[PlyCount "35"]
[EventDate "2007.10.13"]
[EventType "team"]
[EventRounds "11"]
[EventCountry "AUT"]
[WhiteTeam "SpG VOecklabruck"]
[BlackTeam "SV ASVOe Raika St Veit/Glan"]

1.e4 e5 2.Nf3 Nc6 3.Nc3 Nf6 4.d4 exd4 5.Nxd4 Bb4 6.Nxc6 bxc6 7.Bd3 d5 8.exd5
cxd5 9.O-O O-O 10.Bg5 c6 11.Qf3 Be7 12.Rfe1 Rb8 13.Nd1 Be6 14.b3 Nd7 15.Bf4 Rb7
16.Ne3 Bb4 17.Red1 Nc5 18.c4

[Event "2 Bundesliga Mitte 2007/2008"]
[Site "Trofaiach"]
[Date "2007.11.10"]
[Round "3"]
[Board "2"]
[White "Neubauer, Martin"]
[Black "Konopka, Michal"]
[Result "1/2-1/2"]
[WhiteElo "2453"]
[BlackElo "2433"]
[PlyCount "34"]
[EventDate "2007.10.13"]
[EventType "team"]
[EventRounds "11"]
[EventCountry "AUT"]
[WhiteTeam "SV ASVOe Raika St Veit/Glan"]
[BlackTeam "SpG VOecklabruck"]

1.e4 d5 2.exd5 Qxd5 3.Nc3 Qa5 4.d4 c6 5.Nf3 Bf5 6.Bc4 Nf6 7.Bd2 e6 8.Nd5 Qd8
9.Nxf6+ gxf6 10.Bb3 Nd7 11.Qe2 Qc7 12.Nh4 Bg6 13.O-O-O O-O-O 14.g3 Kb8 15.Kb1
Rc8 16.Nxg6 hxg6 17.h4 Bh6

[Event "2 Bundesliga Mitte 2007/2008"]
[Site "Trofaiach"]
[Date "2007.11.10"]
[Round "3"]
[Board "3"]
[White "Hirneise, Tobias"]
[Black "Jurkovic, Hryoje"]
[Result "1/2-1/2"]
[WhiteElo "2287"]
[BlackElo "2443"]
[PlyCount "64"]
[EventDate "2007.10.13"]
[EventType "team"]
[EventRounds "11"]
[EventCountry "AUT"]
[WhiteTeam "SpG VOecklabruck"]
[BlackTeam "SV ASVOe Raika St Veit/Glan"]

1.e4 c5 2.Nf3 e6 3.d4 cxd4 4.Nxd4 a6 5.Nc3 Qc7 6.Bd3 Nc6 7.Nxc6 bxc6 8.O-O Nf6
9.Qe2 d5 10.Bg5 Be7 11.e5 Ng8 12.Bd2 h5 13.a4 a5 14.Rae1 g6 15.Nd1 Nh6 16.Bf4
Nf5 17.Qd2 Qb6 18.Bg5 Qb4 19.c3 Bxg5 20.Qxg5 Qe7 21.Qd2 Ba6 22.Bxa6 Rxa6 23.Ne3
Rb6 24.Nxf5 exf5 25.e6 O-O 26.exf7+ Qxf7 27.b4 axb4 28.cxb4 Rfb8 29.Rb1 Qf8
30.b5 cxb5 31.Qxd5+ Qf7 32.Qxf7+ Kxf7

[Event "2 Bundesliga Mitte 2007/2008"]
[Site "Trofaiach"]
[Date "2007.11.10"]
[Round "3"]
[Board "4"]
[White "Hebesberger, Thomas"]
[Black "Ennsberger, Ulrich"]
[Result "1/2-1/2"]
[WhiteElo "2349"]
[BlackElo "2284"]
[PlyCount "44"]
[EventDate "2007.10.13"]
[EventType "team"]
[EventRounds "11"]
[EventCountry "AUT"]
[WhiteTeam "SV ASVOe Raika St Veit/Glan"]
[BlackTeam "SpG VOecklabruck"]

1.c4 Nf6 2.g3 c5 3.Bg2 g6 4.Nf3 Bg7 5.O-O O-O 6.d4 cxd4 7.Nxd4 Nc6 8.Nc3 Nxd4
9.Qxd4 d6 10.Qd3 a6 11.Be3 Rb8 12.Ba7 Ra8 13.Bd4 Rb8 14.Rfd1 Be6 15.e4 Qa5
16.Nd5 Nxd5 17.cxd5 Bd7 18.Bxg7 Kxg7 19.Qd4+ f6 20.Rdc1 Rfc8 21.h4 Rxc1+ 22.Rxc1
Rc8

[Event "2 Bundesliga Mitte 2007/2008"]
[Site "Trofaiach"]
[Date "2007.11.10"]
[Round "3"]
[Board "5"]
[White "Hofmair, Klaus"]
[Black "Hoelzl, Franz"]
[Result "1/2-1/2"]
[WhiteElo "2278"]
[BlackElo "2374"]
[PlyCount "114"]
[EventDate "2007.10.13"]
[EventType "team"]
[EventRounds "11"]
[EventCountry "AUT"]
[WhiteTeam "SpG VOecklabruck"]
[BlackTeam "SV ASVOe Raika St Veit/Glan"]

1.e4 c5 2.d4 cxd4 3.c3 dxc3 4.Nxc3 d6 5.Bc4 Nc6 6.Nf3 a6 7.O-O Nf6 8.h3 e6 9.Qe2
Ne5 10.Bb3 Nfd7 11.Rd1 Qf6 12.Nd4 g5 13.Qh5 Nc5 14.Qxg5 Qxg5 15.Bxg5 Rg8 16.Be3
b5 17.f3 Bd7 18.Kh1 Be7 19.Rd2 b4 20.Nce2 a5 21.f4 a4 22.fxe5 axb3 23.exd6 Bxd6
24.Nxe6 Nxe4 25.Rxd6 Nxd6 26.Nc7+ Ke7 27.Nxa8 Bc6 28.Nf4 Rxa8 29.Bc5 bxa2
30.Bxb4 Ra4 31.Nd3 Be4 32.b3 Ra7 33.Nc5 Bb1 34.Na4 Rb7 35.Bxd6+ Kxd6 36.Nc3 Rxb3
37.Nxa2 Be4 38.Rd1+ Ke5 39.Rd2 Rxh3+ 40.Kg1 Rb3 41.Kf2 h5 42.Nc1 Ra3 43.Ne2 h4
44.Rb2 f5 45.Rb5+ Kf6 46.Rb2 Kg5 47.Rd2 Ra1 48.Ng1 Kg4 49.Rb2 Ra3 50.Ne2 h3
51.gxh3+ Rxh3 52.Rb8 Rf3+ 53.Kg1 Bd3 54.Rg8+ Kh4 55.Rh8+ Kg5 56.Re8 Bb5 57.Rg8+
Kf6

[Event "2 Bundesliga Mitte 2007/2008"]
[Site "Trofaiach"]
[Date "2007.11.10"]
[Round "3"]
[Board "6"]
[White "Mazi, Leon"]
[Black "Gneiss, Karl"]
[Result "1-0"]
[WhiteElo "2348"]
[BlackElo "2119"]
[PlyCount "79"]
[EventDate "2007.10.13"]
[EventType "team"]
[EventRounds "11"]
[EventCountry "AUT"]
[WhiteTeam "SV ASVOe Raika St Veit/Glan"]
[BlackTeam "SpG VOecklabruck"]

1.e4 c5 2.Nf3 Nc6 3.d4 cxd4 4.Nxd4 g6 5.Nc3 Bg7 6.Nde2 Nf6 7.g3 O-O 8.Bg2 d6
9.O-O Bd7 10.h3 Rb8 11.a4 a6 12.Be3 b5 13.axb5 axb5 14.Re1 Na5 15.b3 Qc7 16.Bg5
e6 17.Qd2 b4 18.Na2 Nc6 19.Rad1 d5 20.Bxf6 Bxf6 21.exd5 exd5 22.Nf4 Bg5 23.Qxd5
Bxf4 24.Qxd7 Ra8 25.Qxc6 Rxa2 26.gxf4 Qxf4 27.Qe4 Qc7 28.Re2 Rc8 29.Bf1 Ra5
30.Qe7 Qf4 31.Rd8+ Kg7 32.Qf8+ Kf6 33.Qd6+ Qxd6 34.Rxd6+ Kg7 35.Rd4 Ra1 36.Red2
Re8 37.Rd1 Rxd1 38.Rxd1 Re4 39.Rd7 Rf4 40.Bc4

[Event "2 Bundesliga Mitte 2007/2008"]
[Site "Trofaiach"]
[Date "2007.11.10"]
[Round "3"]
[Board "1"]
[White "Mohr, Georg"]
[Black "Srienz, Christian"]
[Result "1-0"]
[WhiteElo "2480"]
[BlackElo "2214"]
[PlyCount "97"]
[EventDate "2007.10.13"]
[EventType "team"]
[EventRounds "11"]
[EventCountry "AUT"]
[WhiteTeam "Strassenbahn Graz"]
[BlackTeam "ESV ASKOE Admira Villach"]

1.c4 Nf6 2.Nc3 e6 3.Nf3 c5 4.d4 cxd4 5.Nxd4 Bb4 6.Ndb5 d5 7.a3 Bxc3+ 8.Nxc3 Nc6
9.Bg5 h6 10.Bxf6 Qxf6 11.e3 O-O 12.cxd5 exd5 13.Qxd5 Re8 14.Be2 Re5 15.Qd2 Qg6
16.f4 Re8 17.Bd3 Bf5 18.Bxf5 Qxf5 19.O-O Rad8 20.Qf2 Qc5 21.e4 Nd4 22.Rad1 Qc4
23.Rfe1 a6 24.Nd5 Nb5 25.Rc1 Qa4 26.Nb6 Qd4 27.a4 Re6 28.Nc4 Na7 29.e5 Nc8
30.Qxd4 Rxd4 31.Red1 Rxd1+ 32.Rxd1 Rc6 33.Rd8+ Kh7 34.Ne3 Nb6 35.Rb8 Rc7 36.a5
Nd7 37.Rd8 Nc5 38.Nd5 Ne6 39.Nxc7 Nxd8 40.Nd5 f6 41.exf6 gxf6 42.Kf2 Nc6 43.b4
Kg6 44.Ke3 Kf5 45.Kd3 Ke6 46.Kc4 Na7 47.Kc5 Nc8 48.Ne3 Ke7 49.Nf5+

[Event "2 Bundesliga Mitte 2007/2008"]
[Site "Trofaiach"]
[Date "2007.11.10"]
[Round "3"]
[Board "2"]
[White "Hafner, Robert"]
[Black "Butunoi, Alexandru"]
[Result "0-1"]
[WhiteElo "2132"]
[BlackElo "2403"]
[PlyCount "136"]
[EventDate "2007.10.13"]
[EventType "team"]
[EventRounds "11"]
[EventCountry "AUT"]
[WhiteTeam "ESV ASKOE Admira Villach"]
[BlackTeam "Strassenbahn Graz"]

1.d4 Nf6 2.c4 g6 3.Nc3 Bg7 4.e4 d6 5.Nf3 O-O 6.Be2 a5 7.O-O Na6 8.a3 Bd7 9.Be3
Ng4 10.Bg5 f6 11.Bd2 e5 12.h3 Nh6 13.Be3 Nf7 14.Rb1 f5 15.dxe5 dxe5 16.b4 axb4
17.axb4 f4 18.Bd2 Be6 19.Qc2 c6 20.c5 Ng5 21.Nxg5 Qxg5 22.Kh1 Qh4 23.f3 Bf6
24.Be1 Qh5 25.Nd1 Kh8 26.Nf2 Bh4 27.Bc3 Bf6 28.Qb2 Nc7 29.Ra1 Rae8 30.Rfd1 Qg5
31.Rd6 h5 32.Kg1 Bc8 33.Bc4 Kh7 34.Rad1 Bg7 35.Qe2 Re7 36.Qd2 Be6 37.Bxe6 Nxe6
38.Nd3 Nc7 39.Nb2 Nb5 40.Rd3 Nd4 41.Bxd4 exd4 42.Nc4 Rd8 43.Qf2 Red7 44.Nb6 Rf7
45.Nc4 Qe7 46.e5 Bxe5 47.Nxe5 Qxe5 48.Rxd4 Ra8 49.Re4 Qg5 50.Qb2 Qg3 51.Qf2 Ra3
52.Qxg3 fxg3 53.Kf1 Rb3 54.Ke2 Rf8 55.Rd3 Rb2+ 56.Rd2 Rxd2+ 57.Kxd2 Ra8 58.Kd3
Ra3+ 59.Kc4 Ra2 60.Re7+ Kh6 61.Rxb7 Rxg2 62.Ra7 Rh2 63.Ra1 Rxh3 64.Rg1 h4 65.b5
cxb5+ 66.Kxb5 Rh2 67.Rc1 Rb2+ 68.Ka6 g2

[Event "2 Bundesliga Mitte 2007/2008"]
[Site "Trofaiach"]
[Date "2007.11.10"]
[Round "3"]
[Board "3"]
[White "Supancic, Darko"]
[Black "Frank, Paul"]
[Result "1/2-1/2"]
[WhiteElo "2372"]
[BlackElo "2201"]
[PlyCount "107"]
[EventDate "2007.10.13"]
[EventType "team"]
[EventRounds "11"]
[EventCountry "AUT"]
[WhiteTeam "Strassenbahn Graz"]
[BlackTeam "ESV ASKOE Admira Villach"]

1.Nf3 Nf6 2.g3 g6 3.Bg2 Bg7 4.O-O O-O 5.d3 d5 6.Nbd2 c5 7.e4 Nc6 8.h3 Qc7 9.Re1
dxe4 10.dxe4 Nd7 11.Qe2 Nb4 12.Nc4 b5 13.Ne3 e6 14.c3 Nc6 15.Qxb5 Rb8 16.Qe2 Rb6
17.Qc2 Ba6 18.Rd1 Rfb8 19.Bf1 Bxf1 20.Kxf1 Nde5 21.Nxe5 Nxe5 22.f4 Nc6 23.Nc4
Ra6 24.b3 Na5 25.Nxa5 Qxa5 26.Bb2 c4 27.b4 Qh5 28.Kg2 e5 29.Rd5 g5 30.g4 Qg6
31.f5 Qf6 32.a4 Rd8 33.Rad1 Rad6 34.a5 h5 35.Bc1 Rxd5 36.exd5 e4 37.Qxe4 Qxc3
38.Bxg5 Rb8 39.b5 Qb2+ 40.Rd2 Qxb5 41.f6 c3 42.Rf2 Re8 43.Qf5 Bf8 44.Bf4 Rd8
45.Qg5+ Kh7 46.Qxh5+ Kg8 47.Qg5+ Kh7 48.Qf5+ Kg8 49.Qg5+ Kh7 50.Be5 Qxd5+ 51.Kg1
Qe4 52.Qh5+ Kg8 53.Qg5+ Kh7 54.Qh5+

[Event "2 Bundesliga Mitte 2007/2008"]
[Site "Trofaiach"]
[Date "2007.11.10"]
[Round "3"]
[Board "4"]
[White "Neff, Gregor"]
[Black "Pesorda, Ivan"]
[Result "1/2-1/2"]
[WhiteElo "2136"]
[BlackElo "2270"]
[PlyCount "79"]
[EventDate "2007.10.13"]
[EventType "team"]
[EventRounds "11"]
[EventCountry "AUT"]
[WhiteTeam "ESV ASKOE Admira Villach"]
[BlackTeam "Strassenbahn Graz"]

1.d4 Nf6 2.Nf3 c5 3.g3 b6 4.Bg2 Bb7 5.O-O cxd4 6.Nxd4 Bxg2 7.Kxg2 e6 8.c4 Qc8
9.b3 Be7 10.Bb2 O-O 11.Nc3 Qb7+ 12.Kg1 Rd8 13.Qd3 Na6 14.Rad1 d5 15.cxd5 Nb4
16.Qf3 Nbxd5 17.Nxd5 Nxd5 18.Nb5 Qc6 19.a4 a6 20.Nd4 Qb7 21.Rc1 Rac8 22.Rxc8
Rxc8 23.Rc1 Rxc1+ 24.Bxc1 Qc8 25.Bd2 Bf6 26.e4 Ne7 27.Qe3 h6 28.f4 Qc5 29.Ne2
Qc6 30.Nd4 Qc5 31.Ne2 Qc2 32.Kf2 Bb2 33.Nd4 Qd1 34.Nf3 Nc6 35.Qxb6 Bd4+ 36.Nxd4
Qxd2+ 37.Ne2 Nb4 38.Qd4 Nd3+ 39.Kf3 Ne1+ 40.Kf2

[Event "2 Bundesliga Mitte 2007/2008"]
[Site "Trofaiach"]
[Date "2007.11.10"]
[Round "3"]
[Board "5"]
[White "Steiner, Stefan"]
[Black "Frank, Dieter"]
[Result "1/2-1/2"]
[WhiteElo "2162"]
[BlackElo "2153"]
[PlyCount "125"]
[EventDate "2007.10.13"]
[EventType "team"]
[EventRounds "11"]
[EventCountry "AUT"]
[WhiteTeam "Strassenbahn Graz"]
[BlackTeam "ESV ASKOE Admira Villach"]

1.Nf3 Nf6 2.d4 e6 3.c4 d5 4.Nc3 Bb4 5.Qb3 Bxc3+ 6.Qxc3 Ne4 7.Qc2 O-O 8.Bf4 c5
9.dxc5 Qa5+ 10.Nd2 Nc6 11.f3 Nxd2 12.Qxd2 Qxc5 13.cxd5 exd5 14.Rc1 Qb6 15.Bd6
Re8 16.Bc5 Qd8 17.e3 Qh4+ 18.g3 Qf6 19.Kf2 Ne5 20.Be2 Bh3 21.Bd4 Qf5 22.Bxe5
Qxe5 23.Qd4 Qe7 24.Rc3 Be6 25.Rhc1 b6 26.Rc7 Qd6 27.R1c6 Qd8 28.Bd3 Qg5 29.a3
Rec8 30.Rxc8+ Rxc8 31.Rxc8+ Bxc8 32.h4 Qf6 33.Qxf6 gxf6 34.Ke2 h6 35.Kd2 Kf8
36.Kc3 Ke7 37.Kd4 Kd6 38.Bb1 Bb7 39.b4 Bc6 40.Ba2 a6 41.Bb3 f5 42.Bc2 Bd7 43.Bd3
a5 44.bxa5 bxa5 45.Ba6 Ba4 46.Be2 Bc6 47.Bd3 Bd7 48.Bc2 Bc8 49.Ba4 Ba6 50.Be8 f6
51.Bg6 Bc8 52.Be8 Ba6 53.Ba4 Be2 54.f4 Bf3 55.Bc2 Bg4 56.Bd3 Bh3 57.Be2 Bg2
58.Bh5 Be4 59.Bg6 Bb1 60.Bh5 Be4 61.Bd1 Bg2 62.Bc2 Bh3 63.Bd3

[Event "2 Bundesliga Mitte 2007/2008"]
[Site "Trofaiach"]
[Date "2007.11.10"]
[Round "3"]
[Board "6"]
[White "Revelant, Stefan"]
[Black "Schink, Barbara"]
[Result "1-0"]
[WhiteElo "2108"]
[BlackElo "2031"]
[PlyCount "81"]
[EventDate "2007.10.13"]
[EventType "team"]
[EventRounds "11"]
[EventCountry "AUT"]
[WhiteTeam "ESV ASKOE Admira Villach"]
[BlackTeam "Strassenbahn Graz"]

1.e4 e5 2.Nf3 Nc6 3.Bb5 a6 4.Ba4 Nf6 5.O-O Be7 6.Re1 b5 7.Bb3 O-O 8.c3 d5 9.d3
dxe4 10.dxe4 Bb7 11.Bg5 h6 12.Bh4 Qxd1 13.Bxd1 Rad8 14.Bxf6 Bxf6 15.Nbd2 Rd7
16.Nb3 Be7 17.Bc2 Rfd8 18.Rad1 Rxd1 19.Rxd1 Rxd1+ 20.Bxd1 Bd6 21.Bc2 Nb8 22.Nfd2
Nd7 23.c4 c5 24.Bd3 b4 25.Nf1 Nb6 26.Na5 Ba8 27.Bc2 Nd7 28.Ne3 g6 29.Nd5 Bxd5
30.cxd5 Kf8 31.Bd3 Nb8 32.Kf1 Ke7 33.Ke2 Bc7 34.Nc4 a5 35.Ke3 Nd7 36.g3 g5
37.Be2 Nf6 38.f3 Nd7 39.Bd1 Nb6 40.d6+ Bxd6 41.Nxb6

[Event "2 Bundesliga Mitte 2007/2008"]
[Site "Trofaiach"]
[Date "2007.11.10"]
[Round "3"]
[Board "1"]
[White "Schenk, Andreas"]
[Black "Kozul, Zdenko"]
[Result "1/2-1/2"]
[WhiteElo "2509"]
[BlackElo "2609"]
[PlyCount "100"]
[EventDate "2007.10.13"]
[EventType "team"]
[EventRounds "11"]
[EventCountry "AUT"]
[WhiteTeam "SK Sparkasse Fuerstenfeld"]
[BlackTeam "ZH Technologies Wolfsberg"]

1.d4 Nf6 2.c4 g6 3.Nc3 Bg7 4.e4 d6 5.Nf3 O-O 6.Be2 e5 7.Be3 c6 8.d5 Ng4 9.Bg5 f6
10.Bh4 c5 11.Nd2 Nh6 12.f3 Nf7 13.Bd3 Bh6 14.Qe2 Nd7 15.a3 Kh8 16.Bc2 Rg8 17.h3
a6 18.Bd3 b6 19.Rb1 a5 20.Kd1 Nf8 21.Kc2 Bd7 22.Nf1 a4 23.Ne3 Qe7 24.Rbf1 Bxe3
25.Qxe3 g5 26.Be1 Ng6 27.Rfg1 Rab8 28.h4 gxh4 29.Bxh4 Nxh4 30.Rxh4 f5 31.Rgh1
Rxg2+ 32.Kb1 f4 33.Rxh7+ Kg8 34.Qe1 Qf6 35.Bf1 Rg6 36.Qf2 Rd8 37.R7h5 Ng5 38.Be2
Kf7 39.Bd1 Ra8 40.Ka2 Ke7 41.Qh2 Nf7 42.Rh7 Rg3 43.Qf2 Rg5 44.R7h5 Rg3 45.Rh7
Rg5 46.Qh2 Rgg8 47.Qf2 Rh8 48.Rxh8 Nxh8 49.Rh7+ Nf7 50.Qg1 Kf8

[Event "2 Bundesliga Mitte 2007/2008"]
[Site "Trofaiach"]
[Date "2007.11.10"]
[Round "3"]
[Board "2"]
[White "Stevic, Hrvoje"]
[Black "Kuba, Guenter"]
[Result "1-0"]
[WhiteElo "2531"]
[BlackElo "2396"]
[PlyCount "40"]
[EventDate "2007.10.13"]
[EventType "team"]
[EventRounds "11"]
[EventCountry "AUT"]
[WhiteTeam "ZH Technologies Wolfsberg"]
[BlackTeam "SK Sparkasse Fuerstenfeld"]

1.e4 e5 2.Nf3 Nc6 3.d4 exd4 4.Nxd4 Bc5 5.Nxc6 Qf6 6.Qf3 dxc6 7.Nc3 Be6 8.Qg3
O-O-O 9.Be3 Bd6 10.f4 Bb4 11.Bd2 Qd4 12.O-O-O Bxc3 13.Qxc3 Qxe4 14.Qxg7 Ne7
15.Bd3 Qd5 16.b3 h5 17.Rhe1 Nf5 18.Qf6 Rh6 19.Qe5 Rg6 20.Bc3 Qxe5

[Event "2 Bundesliga Mitte 2007/2008"]
[Site "Trofaiach"]
[Date "2007.11.10"]
[Round "3"]
[Board "3"]
[White "Wach, Markus"]
[Black "Mikac, Matjaz"]
[Result "1-0"]
[WhiteElo "2386"]
[BlackElo "2390"]
[PlyCount "71"]
[EventDate "2007.10.13"]
[EventType "team"]
[EventRounds "11"]
[EventCountry "AUT"]
[WhiteTeam "SK Sparkasse Fuerstenfeld"]
[BlackTeam "ZH Technologies Wolfsberg"]

1.e4 d6 2.d4 Nf6 3.Nc3 e5 4.Nf3 Nbd7 5.Bc4 Be7 6.O-O O-O 7.Re1 c6 8.a4 b6 9.h3
a6 10.Bb3 Rb8 11.Be3 b5 12.axb5 axb5 13.dxe5 dxe5 14.Nd2 Nc5 15.Qf3 Qc7 16.Ne2
Be6 17.Ng3 Nxb3 18.Nxb3 c5 19.Nf5 Bxf5 20.Qxf5 Ra8 21.Nd2 g6 22.Qf3 c4 23.Bg5
Nh5 24.Bh6 Rfd8 25.Nf1 Bc5 26.Ne3 Bxe3 27.Qxe3 Qd6 28.Ra7 Rxa7 29.Qxa7 Nf4
30.Ra1 Ne6 31.Ra6 Qd1+ 32.Kh2 Qh5 33.Be3 Qh4 34.g3 Qxe4 35.Rxe6 Rd1 36.Qb8+

[Event "2 Bundesliga Mitte 2007/2008"]
[Site "Trofaiach"]
[Date "2007.11.10"]
[Round "3"]
[Board "4"]
[White "Pesec, Franz"]
[Black "Kilgus, Georg"]
[Result "1/2-1/2"]
[WhiteElo "2231"]
[BlackElo "2354"]
[PlyCount "45"]
[EventDate "2007.10.13"]
[EventType "team"]
[EventRounds "11"]
[EventCountry "AUT"]
[WhiteTeam "ZH Technologies Wolfsberg"]
[BlackTeam "SK Sparkasse Fuerstenfeld"]

1.e4 c5 2.d4 cxd4 3.c3 dxc3 4.Nxc3 Nc6 5.Bc4 d6 6.Nf3 a6 7.O-O Nf6 8.h3 e6 9.Qe2
Ne5 10.Nxe5 dxe5 11.Bg5 Be7 12.Rfd1 Nd7 13.Be3 O-O 14.Bb3 Qe8 15.Qh5 Bb4 16.Rac1
f6 17.Qg4 Nc5 18.Bxc5 Bxc5 19.Na4 h5 20.Qe2 Bd4 21.Kh1 Bd7 22.Nc5 g6 23.Nxb7

[Event "2 Bundesliga Mitte 2007/2008"]
[Site "Trofaiach"]
[Date "2007.11.10"]
[Round "3"]
[Board "5"]
[White "Poetz, Florian"]
[Black "Waldmann, Gerald"]
[Result "1/2-1/2"]
[WhiteElo "2174"]
[BlackElo "2157"]
[PlyCount "62"]
[EventDate "2007.10.13"]
[EventType "team"]
[EventRounds "11"]
[EventCountry "AUT"]
[WhiteTeam "SK Sparkasse Fuerstenfeld"]
[BlackTeam "ZH Technologies Wolfsberg"]

1.e4 e6 2.d4 d5 3.Nc3 Bb4 4.e5 c5 5.a3 Bxc3+ 6.bxc3 Ne7 7.Nf3 b6 8.Bb5+ Bd7
9.Bd3 c4 10.Be2 Ba4 11.h4 h6 12.h5 Kd7 13.Bf4 Qg8 14.Qd2 Qh7 15.Ra2 Nbc6 16.Nh2
Raf8 17.Bg4 f5 18.exf6 Rxf6 19.Bg3 Qe4+ 20.Kf1 Nf5 21.Bxf5 exf5 22.Bf4 Re8
23.Nf3 Qe6 24.g3 Qf7 25.Kg2 Rfe6 26.Be5 Kc8 27.Raa1 Ne7 28.Rae1 Ng8 29.Re3 Nf6
30.Bxf6 Rxe3 31.fxe3 Qxf6

[Event "2 Bundesliga Mitte 2007/2008"]
[Site "Trofaiach"]
[Date "2007.11.10"]
[Round "3"]
[Board "6"]
[White "Tiefenbacher, Richard Jun"]
[Black "Radnetter, Georg"]
[Result "0-1"]
[WhiteElo "2034"]
[BlackElo "2106"]
[PlyCount "60"]
[EventDate "2007.10.13"]
[EventType "team"]
[EventRounds "11"]
[EventCountry "AUT"]
[WhiteTeam "ZH Technologies Wolfsberg"]
[BlackTeam "SK Sparkasse Fuerstenfeld"]

1.d4 e6 2.c4 Nf6 3.Nc3 Bb4 4.Qc2 c5 5.e3 O-O 6.Bd3 b6 7.Nge2 Bxc3+ 8.Nxc3 Nc6
9.dxc5 bxc5 10.Ne4 Nb4 11.Qc3 Nxd3+ 12.Qxd3 Nxe4 13.Qxe4 d5 14.cxd5 exd5 15.Qc2
Ba6 16.h4 Rb8 17.Rh3 Qf6 18.Rf3 Qe5 19.Rg3 Rb4 20.Qxc5 Rxh4 21.Qxa7 Rh1+ 22.Kd2
Qf5 23.e4 dxe4 24.Qd4 e3+ 25.Kxe3 Re1+ 26.Kd2 Re2+ 27.Kc3 Qc2+ 28.Kb4 Re4
29.Rxg7+ Kh8 30.Be3 Rxd4+